000 00292nam a2200109Ia 4500
008 171205s9999 xx 000 0 und d
020 _a9781635495652
100 _aBallard, Desmond.
245 _cDesmond Ballard
_aDiscrete Mathematics
260 _bLarsen & Keller
_c2017
300 _a301 pages
999 _c347367
_d347367